Eesti talutoolid

Titel: Eesti talutoolid = Estonian Country Chairs / teksti autorid: Liisi Jääts, Mariliis Vaks, Indrek Tirrul ; tõlge: Kristopher Rikken ; kujundaja: Angelika Schneider, joonised: Epp Loo, fototööd: Arp Karm
Verfasser: ; ;
Beteiligt:
Körperschaft:
Veröffentlicht: [Tartu] : Eesti Rahva Muuseum, 2023
Umfang: 219 Seiten : Illustrationen, Karten, Diagramme
Format: Buch
Sprache: Estnisch
Schlagworte:
ISBN: 9789949548989
Buchumschlag
X
alg: 50343139
001A    $03004:09-01-23 
001B    $01999:17-03-26 $t21:34:35.000 
001D    $03004:31-01-23 
001U    $0utf8 
001X    $00 
002@    $0Aau 
002C    $aText $btxt $2rdacontent 
002D    $aohne Hilfsmittel zu benutzen $bn $2rdamedia 
002E    $aBand $bnc $2rdacarrier 
003@    $0503431397 
004A    $A978-9949-548-98-9 
007A    $0503431397 $aHEB 
007G    $0DE02061DC82EEB1D60B9AC125895900401E80 
009P    $qapplication/pdf $A2 $3Inhaltsverzeichnis $uhttp://scans.hebis.de/HEBCGI/show.pl?50343139_toc.pdf $mV:DE-603;B:DE-Mb50 
009P    $qapplication/pdf $A2 $3Cover $uhttp://scans.hebis.de/HEBCGI/show.pl?50343139_cov.pdf $mV:DE-603;B:DE-Mb50 
010@    $aest 
010E    $erda 
011@    $a2023 
013D    $RKatalog $#Exhibition catalogs $#Expositions $#Cataloghi di esposizioni $#Ausstellungskatalog $74135467-9 $8Ausstellungskatalog [Tsz] $9085499846 $zTartu 
021A    $aEesti talutoolid $fEstonian Country Chairs $hteksti autorid: Liisi Jääts, Mariliis Vaks, Indrek Tirrul ; tõlge: Kristopher Rikken ; kujundaja: Angelika Schneider, joonised: Epp Loo, fototööd: Arp Karm 
028A    $BVerfasser $4aut $71393216757 $8Jääts, Liisi$Z1971- [Tp3] $9542979063 
028C    $BVerfasser $4aut $8Vaks, Mariliis [Tnu] $9503431311 
028C    $BVerfasser $4aut $8Tirrul, Indrek [Tnu] $9503431346 
028C    $BÜbersetzer $4trl $8Rikken, Kristopher [Tnu] $9485819775 
029F    $BVeranstalter $RGosudarstvennyj Ėtnografičeskij Muzej ĖSSR $#Rahva Muuseum $#Estnisches Nationalmuseum $#Estonian National Museum $#Ėstonskij Nacionalʹnyj Muzej $#Musée National Estonien $#ERM $#ENM $4orm $71015637-9 $8Eesti Rahva Muuseum [Tb1] $9286816482 
033A    $p[Tartu] $nEesti Rahva Muuseum 
034D    $a219 Seiten 
034M    $aIllustrationen, Karten, Diagramme 
044K    $RGouvernement Estland $REstnische Sozialistische Sowjetrepublik $#Estland $#Estland $#Estland $#Estland (vor 1940) $#Republik Estland $#Estnische Republik $#Eesti $#Eesti Vabariik $#EV $#Estonia $#Republic of Estonia $#Estonie $#Ėstonskaja Respublika $74015587-0 $8Estland [Tg1] $9085035777 
044K    $RMöbel $#Country furniture $#Meubles rustiques $74004776-3 $8Bauernmöbel [Ts1] $9085004677 
044K    $RSitzmöbel $#Chairs $#Chaises $#Stühle $#Holzstuhl $74058247-4 $8Stuhl [Ts1] $908516156X 
044K    $RKunst $RNaive Kunst $#Folk art $#Art populaire $#Arte popolare $#Arte popular $#Volkskunst $#Volkskunst $#Bäuerliche Kunst $#Bauernkunst $#Arte plebea $74063851-0 $8Volkskunst [Ts1] $9085179000 
044K    $RArbeit $RKörperliche Arbeit $#Manual work $#Travail manuel $#Lavoro manuale $#körperliche Arbeit $#manuelle Arbeit $#Manuelle Tätigkeit $74158971-3 $8Handarbeit [Ts1] $9085689262 
045F    $a390.09479809034 $eDDC23BSB 
045F/01 $a390 
045F/03 $f09034 
045F/03 $f0904 
045F/03 $g4798 
046L    $aEnglische Zusammenfassung 

lok: 50343139 24

exp: 50343139 24 1 #EPN
201B/01 $031-01-23 $t11:10:10.000 
201C/01 $009-01-23 
201U/01 $0utf8 
203@/01 $01223944190 
208@/01 $a31-01-23 $bz 
209A/01 $a23.00179 $du $f050 $h23 00179 $x00 
209C/01 $a23.00179 K $h23 00179 K 
209G/01 $a74278361 $x00 
220C/01 $akoe 
247C/01 $8358050-7 Marburg, Bibliothek des Herder-Instituts Marburg $9102600961
LEADER 00000cam a2200000 c 4500
001 503431397
003 DE-603
005 20260317213435.0
007 tu
008 230109s2023 xx |||| | u00||u|est c
020 |a 9789949548989 
035 |a (DE-599)HEB503431397 
040 |a DE-603  |b ger  |c DE-603  |d DE-603  |e rda 
041 |a est 
082 0 4 |8 1\u  |a 390.09479809034  |q DE-101  |2 23/BSB 
085 |8 1\u  |b 390 
085 |8 1\u  |z 1  |s 09034 
085 |8 1\u  |z 1  |s 0904 
085 |8 1\u  |z 2  |s 4798 
100 1 |a Jääts, Liisi  |d 1971-  |e Verfasser  |4 aut  |0 (DE-603)542979063  |0 (DE-588)1393216757  |2 gnd 
245 0 0 |a Eesti talutoolid  |b = Estonian Country Chairs  |c teksti autorid: Liisi Jääts, Mariliis Vaks, Indrek Tirrul ; tõlge: Kristopher Rikken ; kujundaja: Angelika Schneider, joonised: Epp Loo, fototööd: Arp Karm 
264 1 |a [Tartu]  |b Eesti Rahva Muuseum  |c 2023 
300 |a 219 Seiten  |b Illustrationen, Karten, Diagramme 
336 |a Text  |b txt  |2 rdacontent 
337 |a ohne Hilfsmittel zu benutzen  |b n  |2 rdamedia 
338 |a Band  |b nc  |2 rdacarrier 
546 |a Englische Zusammenfassung 
650 7 |a Bauernmöbel  |0 (DE-588)4004776-3  |0 (DE-603)085004677  |2 gnd 
650 7 |a Stuhl  |0 (DE-588)4058247-4  |0 (DE-603)08516156X  |2 gnd 
650 7 |a Volkskunst  |0 (DE-588)4063851-0  |0 (DE-603)085179000  |2 gnd 
650 7 |a Handarbeit  |0 (DE-588)4158971-3  |0 (DE-603)085689262  |2 gnd 
651 7 |a Estland  |0 (DE-588)4015587-0  |0 (DE-603)085035777  |2 gnd 
655 7 |a Ausstellungskatalog  |z Tartu  |2 gnd-content  |0 (DE-588)4135467-9  |0 (DE-603)085499846 
700 1 |a Vaks, Mariliis  |e Verfasser  |4 aut  |0 (DE-603)503431311 
700 1 |a Tirrul, Indrek  |e Verfasser  |4 aut  |0 (DE-603)503431346 
700 1 |a Rikken, Kristopher  |e Übersetzer  |4 trl  |0 (DE-603)485819775 
710 2 |a Eesti Rahva Muuseum  |e Veranstalter  |4 orm  |0 (DE-603)286816482  |0 (DE-588)1015637-9  |2 gnd 
856 4 2 |m V:DE-603;B:DE-Mb50  |q application/pdf  |u http://scans.hebis.de/HEBCGI/show.pl?50343139_toc.pdf  |3 Inhaltsverzeichnis 
856 4 2 |m V:DE-603;B:DE-Mb50  |q application/pdf  |u http://scans.hebis.de/HEBCGI/show.pl?50343139_cov.pdf  |3 Cover 
924 0 |9 Mb 50  |a (DE-603)1223944190  |b DE-Mb50  |c HES  |d c  |g 23.00179